000 00733nam a2200229 a 4500
999 _c12000
_d12000
001 12000
003 BD-JhCC
005 20210303104526.0
008 210303b20102011bg a|||| ||a| 000 0 ben d
020 _a9789840412983
035 _a(BD-JhCC)12000
040 _aBD-JhCC
_dBD-JhCC
041 _abengali
082 _a970.00497
_bAMI 2011
100 _aআমীন,মোহাম্মদ
245 _aপৃথিবীর বিভিন্ন দেশের জাতির পিতা /
_cমোহাম্মদ আমীন।
260 _aঢাকা:
_bআগামী প্রকাশনী;
_c২০১১.
300 _a215 p. :
_bill;
_c22 cm.
650 _aHistorical
942 _2ddc
_cBK